000 01013nam a2200313 i 4500
001 197003
003 ES-MaREB
005 20250314063333.0
007 ta
008 250312s2012 sp ao gr 001 0 mul c
020 _a9783625002062
035 _a01674895
035 _aCCBIP00340962
040 _abp-vi
_bspa
_cES-MaACL
080 1 _a(038)=112.2=134.2
245 0 0 _aDiccionario visual :
_balemán-español /
_c[autoras: Katrin Höller ; Christina Kuhn].
260 _aColonia (Alemania) :
_bNGV,
_c[2012]
300 _a352 p. :
_bil. col. ;
_c16 cm.
336 _2rdacontent
_atexto
337 _2rdamedia
_asin mediación
338 _2rdacarrier
_avolumen
650 4 _aLengua alemana-
_vDiccionarios-
_xEspañol
_914082
700 1 _aHöller, Katrin
_9239796
700 1 _aKuhn, Christina
_9239797
852 _aES-MaACL
_cDEPO2
_9204749
_jG-16045
942 _n0
_cMONOGRAFIA
999 _c197003
_d197003